00149nam a2200073Ia 4500008004100000082000800041100001100049245001500060240331s9999 xx 000 0 und d bALI aAli, M 0aBrick lane